00439nam a2200133 i 450000100060000000300090000600500170001500700030003200800410003510000210007624501230009726000600022085200250028067805ES-MaACL20230906170142.0t|040205s1900 ag ||||1| spa d1 aGallardo, Angel.10aObservaciones morfológicas y estadísticas sobre algunas anomalías de digitalis parpúrea L. / cAngel Gallardo. aBuenos Aires : b[s.n., c1900] (fImp. Juan A. Alsina) aES-MaACLj1590-F-15